=LDR 00000nam 2200000 4500 =001 INLIS000000000047776 =005 20160216102827.0 =006 =007 =008 =035 ##$$0010-021600000000164 =040 ##$$a NPBDMAT =082 ##$$a R.351.72 =090 ##$$a R.351.72 $b Not n =245 ##$$a Nota Keuangan dan Anggaran Pendapatan dan Belanja Negara Tahun Anggaran 2008 =260 ##$$a Jakarta : $b Departemen Keuangan Republik Indonesia, $c 2008 =300 ##$$a 380 hlm $c 30 cm =650 ##$$a Anggaran Pendapatan dan Belanja Negara =700 ##$$a Departemen Keuangan RI